000 00698nam a22001937a 4500
999 _c8225
_d8225
003 AR-CdUCM
008 190322b ||||| |||| 00| 0 spa d
040 _aMUNICIPALIDAD PROVINCIAL DEL CUSCO
_cBIBLIOTECA MUNICIPAL DEL CUSCO
082 _22ed.
_a510.074 /
_bG21
100 _aGallego Díaz, José
_923164
245 _aCurso de matemáticas en forma de problemas /
260 _aMadrid :
_bDossat,
_c1955.
300 _a583 paginas ;
_c24 cm.
505 _aContenido :Calculo de probabilidades -- Máximos y mínimos -- Las cónicas -- Las cuadriculas -- Transformaciones ...
650 _aProblemas, ejercicios
_919962
650 _aMatemáticas
_99398
942 _2ddc
_cLIBROS
945 _arum